000 00756nam a2200217 a 4500
003 DO-SdBNP
005 20230830153419.0
007 ta
008 220718e1968 dr a|||gr|||| 001 0 spa d
040 _aDO-SdBNP
_bspa
_cBNPHU
082 4 _222
_bF962m
245 1 0 _aLa matemática en la vida diaria :
_b6to. grado /
_cAndrés Arístides Fulcar Berigüete, Luis Humberto Monsanto Pérez
246 _aLa matemática en la vida diaria :
_bsesto. grado /
260 _aEspaña :
_bS. M.
_c1968
300 _a291 p. :
_bil. ;
_c21 cm.
590 _aInventariado 2022 / MF
650 4 _943578
_aMatemáticas
_xEnseñanza
_xLibros de Texto
650 4 _981233
_aMatemáticas
_xLibros de textos
700 1 _aMonsanto Pérez, Luis Humberto
_982019
942 _2ddc
_cLBS1
999 _c52185
_d52185